000 00615nam a2200181Ia 4500
999 _c11710
_d11710
082 _aRP.0253
100 _aPanchamukhi, P.R.
245 0 _aCommunity contribution to development of education: a case study
260 _c2002
_bIndian Council of Social Science Research, New Delhi
300 _a113p.
504 _aBibliography and Appendix at the end.
650 _aEDUCATION - KARNATAKA
650 _aCOMMUNITY DEVELOPMENT
650 _aRESOURCE-BASED COMMUNITIES - KARNATAKA
700 _aSailabala Debi jt. au.
710 _aCentre for Multi-Disciplinary Development Research, Dharwad
942 _cRP
_2ddc